Hard choices / (Record no. 174390)

000 -LEADER
fixed length control field 03122cam a2200445 i 4500
001 - CONTROL NUMBER
control field 18207584
003 - CONTROL NUMBER IDENTIFIER
control field Nust
005 - DATE AND TIME OF LATEST TRANSACTION
control field 20170125113522.0
008 - FIXED-LENGTH DATA ELEMENTS--GENERAL INFORMATION
fixed length control field 140701s2014 nyuabf 001 0aeng d
010 ## - LIBRARY OF CONGRESS CONTROL NUMBER
LC control number 2014407811
020 ## - INTERNATIONAL STANDARD BOOK NUMBER
International Standard Book Number 9781471131509 (hardcover)
035 ## - SYSTEM CONTROL NUMBER
System control number (OCoLC)ocn871358893
040 ## - CATALOGING SOURCE
Original cataloging agency TOH
Language of cataloging eng
Transcribing agency TOH
Description conventions rda
Modifying agency YDXCP
-- BTCTA
-- GK8
-- UPZ
-- SINLB
-- OCLCO
-- ZHB
-- IEB
-- JQM
-- OCLCO
-- OCO
-- JQM
-- VP@
-- LMR
-- DLC
042 ## - AUTHENTICATION CODE
Authentication code lccopycat
043 ## - GEOGRAPHIC AREA CODE
Geographic area code n-us---
050 00 - LIBRARY OF CONGRESS CALL NUMBER
Classification number E907
Item number .C55 2014b
082 04 - DEWEY DECIMAL CLASSIFICATION NUMBER
Classification number 328.73092
Author Mark CLI
100 1# - MAIN ENTRY--PERSONAL NAME
Personal name Clinton, Hillary Rodham,
Relator term author.
245 10 - TITLE STATEMENT
Title Hard choices /
Statement of responsibility, etc. Hillary Rodham Clinton.
250 ## - EDITION STATEMENT
Edition statement First Simon & Schuster hardcover edition.
264 #1 - PRODUCTION, PUBLICATION, DISTRIBUTION, MANUFACTURE, AND COPYRIGHT NOTICE
Place of production, publication, distribution, manufacture New York :
Name of producer, publisher, distributor, manufacturer Simon & Schuster,
Date of production, publication, distribution, manufacture, or copyright notice 2014.
300 ## - PHYSICAL DESCRIPTION
Extent xii, 635 pages, 48 unnumbered pages of plates :
Other physical details illustrations (chiefly color), maps ;
Dimensions 25 cm.
336 ## - CONTENT TYPE
Content type term text
Source rdacontent
337 ## - MEDIA TYPE
Media type term unmediated
Source rdamedia
338 ## - CARRIER TYPE
Carrier type term volume
Source rdacarrier
500 ## - GENERAL NOTE
General note Includes index.
505 0# - FORMATTED CONTENTS NOTE
Formatted contents note Part one: A fresh start. 2008: team of rivals ; Foggy bottom: smart power -- Part two: Across the Pacific. Asia: the pivot ; China: uncharted waters ; Beijing: the dissident ; Burma: the lady and the generals -- Part three: War and peace. Af-Pak: surge ; Afghanistan: to end a war ; Pakistan: national honor -- Part four: Between hope and history. Europe: ties that bind ; Russia: reset and regression ; Latin America: democrats and demagogues ; Africa: guns or growth? -- Part five: Upheaval. The Middle East: the rocky path of peace ; The Arab Spring: revolution ; Libya: all necessary measures ; Benghazi: under attack ; Iran: sanctions and secrets ; Syria: a wicked problem ; Gaza: anatomy of a cease-fire -- Part six: The future we want. Climate change: we're all in this together ; Jobs and energy: a level playing field ; Haiti: disaster and development ; 21st-Century statecraft: digital diplomacy in a networked world ; Human rights: unfinished business -- Epilogue.
520 ## - SUMMARY, ETC.
Summary, etc. Hillary Clinton's candid reflections about the key moments during her time as Secretary of State, as well as her thoughts about how to navigate the challenges of the 21st century.
600 10 - SUBJECT ADDED ENTRY--PERSONAL NAME
Personal name Clinton, Hillary Rodham.
600 10 - SUBJECT ADDED ENTRY--PERSONAL NAME
Personal name Obama, Barack.
650 #0 - SUBJECT ADDED ENTRY--TOPICAL TERM
Topical term or geographic name entry element Stateswomen
Geographic subdivision United States
Form subdivision Biography.
650 #0 - SUBJECT ADDED ENTRY--TOPICAL TERM
Topical term or geographic name entry element Cabinet officers
Geographic subdivision United States
Form subdivision Biography.
651 #0 - SUBJECT ADDED ENTRY--GEOGRAPHIC NAME
Geographic name United States
General subdivision Foreign relations
Chronological subdivision 2009-
651 #0 - SUBJECT ADDED ENTRY--GEOGRAPHIC NAME
Geographic name United States
General subdivision Politics and government
Chronological subdivision 2009-
856 42 - ELECTRONIC LOCATION AND ACCESS
Materials specified Contributor biographical information
Uniform Resource Identifier <a href="http://www.loc.gov/catdir/enhancements/fy1410/2014407811-b.html">http://www.loc.gov/catdir/enhancements/fy1410/2014407811-b.html</a>
856 42 - ELECTRONIC LOCATION AND ACCESS
Materials specified Publisher description
Uniform Resource Identifier <a href="http://www.loc.gov/catdir/enhancements/fy1410/2014407811-d.html">http://www.loc.gov/catdir/enhancements/fy1410/2014407811-d.html</a>
906 ## - LOCAL DATA ELEMENT F, LDF (RLIN)
a 7
b cbc
c copycat
d 2
e ncip
f 20
g y-gencatlg
942 ## - ADDED ENTRY ELEMENTS (KOHA)
Source of classification or shelving scheme
Koha item type Book
Holdings
Withdrawn status Lost status Source of classification or shelving scheme Damaged status Not for loan Permanent Location Current Location Shelving location Date acquired Total Checkouts Full call number Barcode Date last seen Date last checked out Copy number Price effective from Koha item type
          Central Library (CL) Central Library (CL) Book Cart 01/25/2017 2 328.73092 CLI CL3089 10/26/2020 08/15/2018 1 01/25/2017 Book
© 2023 Central Library, National University of Sciences and Technology. All Rights Reserved.